书目信息 |
| 题名: |
民事证据立法的理论立场
|
|
| 作者: | 汤维建 著 | |
| 分册: | ||
| 出版信息: | 北京 北京大学出版社 2008.12 |
|
| 页数: | 421页 | |
| 开本: | 23cm | |
| 丛书名: | 民事程序法论丛 | |
| 单 册: | ||
| 中图分类: | D925.113.4 | |
| 科图分类: | ||
| 主题词: | 民事诉讼--min shi su song--证据--立法--研究--中国 | |
| 电子资源: | ||
| ISBN: | 978-7-301-14644-6 | |
| 000 | 00988nam 2200253 450 | |
| 001 | 012009137353 | |
| 005 | 20090918165941.85 | |
| 010 | @a978-7-301-14644-6@dCNY48.00 | |
| 100 | @a20090918d2008 em y0chiy0120 ea | |
| 101 | 0 | @achi |
| 102 | @aCN@b110000 | |
| 105 | @ay z 000yy | |
| 106 | @ar | |
| 200 | 1 | @a民事证据立法的理论立场@Amin shi zheng ju li fa de li lun li chang@f汤维建著@Ftang wei jian zhu |
| 210 | @a北京@c北京大学出版社@d2008.12 | |
| 215 | @a421页@d23cm | |
| 225 | 2 | @a民事程序法论丛@Amin shi cheng xu fa lun cong |
| 330 | @a本书分基础理论编、基本问题编、重要制度编、他山之石编四部分。对当前我国民事证据立法的一系列重大问题鲜明的、说服力十足的阐述了基本立场,是作者近二十年来辛苦的持续关注和冷静思考证据制度的成果结晶。 | |
| 410 | 0 | @12001 @a民事程序法论丛 |
| 606 | 0 | @a民事诉讼@Amin shi su song@x证据@x立法@x研究@y中国 |
| 690 | @aD925.113.4@v4 | |
| 701 | 0 | @a汤维建@Atang wei jian@4著 |
| 801 | 0 | @aCN@bQSSK@c20090918 |
| 905 | @b756134-36@dD925.113.4@eT212@f3 | |
| 民事证据立法的理论立场/汤维建著.-北京:北京大学出版社,2008.12 |
| 421页;23cm.-(民事程序法论丛) |
| ISBN 978-7-301-14644-6:CNY48.00 |
| 本书分基础理论编、基本问题编、重要制度编、他山之石编四部分。对当前我国民事证据立法的一系列重大问题鲜明的、说服力十足的阐述了基本立场,是作者近二十年来辛苦的持续关注和冷静思考证据制度的成果结晶。 |
| ● |
| 相关链接 |
|
|
|
正题名:民事证据立法的理论立场
索取号:D925.113.4/T212
 
预约/预借
| 序号 | 登录号 | 条形码 | 馆藏地/架位号 | 状态 | 备注 |
| 1 | 756134 | 207561342 | 社科库509/509社科库 101排1列3层/ [索取号:D925.113.4/T212] | 在馆 | |
| 2 | 756135 | 207561351 | 社科库509/509社科库 101排1列3层/ [索取号:D925.113.4/T212] | 在馆 | |
| 3 | 756136 | 207561360 | 社科库509/509社科库 101排1列3层/ [索取号:D925.113.4/T212] | 在馆 |